Southville International School and Colleges
Your cart is empty.
  • Cart
  • Lists
    Public lists Eva Luna New books Lux_list list_1
    Your lists Log in to create your own lists
  • Log in to your account
  • Your cookies
  • Search history
Southville International School and Colleges
  • Advanced search
  • Recent comments
  • Most popular
  • Libraries

Log in to your account

Log in with GOOGLE


If you do not have an external account, but do have a local account, you can still log in:

  1. Home
  2. MARC view: Systemic coaching :
Normal view MARC view ISBD view

Systemic coaching : (Record no. 366394)

[ view plain ]
MARC details
000 -LEADER
fixed length control field 00719nam a22002297a 4500
003 - CONTROL NUMBER IDENTIFIER
control field 0
005 - DATE AND TIME OF LATEST TRANSACTION
control field 20240925142659.0
008 - FIXED-LENGTH DATA ELEMENTS--GENERAL INFORMATION
fixed length control field 240925b xxu||||| |||| 00| 0 eng d
020 ## - INTERNATIONAL STANDARD BOOK NUMBER
International Standard Book Number 9781138322493
050 ## - LIBRARY OF CONGRESS CALL NUMBER
Classification number HF 5385
Item number .H39 2020
100 ## - MAIN ENTRY--PERSONAL NAME
Personal name Hawkins, Peter,
Relator term author.
245 ## - TITLE STATEMENT
Title Systemic coaching :
Remainder of title delivering value beyond the individual /
Statement of responsibility, etc Peter Hawkins and Eve Turner.
260 ## - PUBLICATION, DISTRIBUTION, ETC. (IMPRINT)
Place of publication, distribution, etc Oxon :
Name of publisher, distributor, etc Routledge,
Date of publication, distribution, etc 2020.
300 ## - PHYSICAL DESCRIPTION
Extent xxv, 285 p. ;
Dimensions 24 cm.
504 ## - BIBLIOGRAPHY, ETC. NOTE
Bibliography, etc Includes bibliographical references and index.
650 ## - SUBJECT ADDED ENTRY--TOPICAL TERM
Topical term or geographic name as entry element Coaching.
650 ## - SUBJECT ADDED ENTRY--TOPICAL TERM
Topical term or geographic name as entry element Teams in the workplace
General subdivision Management.
650 ## - SUBJECT ADDED ENTRY--TOPICAL TERM
Topical term or geographic name as entry element Leadership.
650 ## - SUBJECT ADDED ENTRY--TOPICAL TERM
Topical term or geographic name as entry element Employees
General subdivision Coaching of.
700 ## - ADDED ENTRY--PERSONAL NAME
Personal name Turner, Eve,
Relator term author.
942 ## - ADDED ENTRY ELEMENTS (KOHA)
Source of classification or shelving scheme Library of Congress Classification
Koha item type Books
Holdings
Withdrawn status Lost status Source of classification or shelving scheme Damaged status Home library Current library Shelving location Date acquired Source of acquisition Sub Shelving location Total Checkouts Full call number Barcode Date last seen Price effective from Koha item type
    Library of Congress Classification   College Library College Library Reserve Section 09/25/2024 Library Fund     HF 5385 .H39 2020 C23692 09/25/2024 09/25/2024 Books

Systemic coaching :

APA

Hawkins P., Turner E., . (2020). Systemic coaching. Oxon: Routledge.

Chicago

Hawkins Peter, Turner Eve, . 2020. Systemic coaching. Oxon: Routledge.

Harvard

Hawkins P., Turner E., . (2020). Systemic coaching. Oxon: Routledge.

MLA

Hawkins Peter, Turner Eve, . Systemic coaching. Oxon: Routledge. 2020.

  • Place hold
  • Print
  • Cite
  • Add to your cart (remove)
  • Save record
    BIBTEX Dublin Core MARCXML MARC (non-Unicode/MARC-8) MARC (Unicode/UTF-8) MARC (Unicode/UTF-8, Standard) MODS (XML) RIS
  • More searches
    Search for this title in:
    Other Libraries (WorldCat) Other Databases (Google Scholar) Online Stores (Bookfinder.com) Open Library (openlibrary.org)

Exporting to Dublin Core...

SOUTHVILLE LIBRARY

Southville International School and Colleges Library

1281 Tropical Ave. Cor. Luxembourg St., BF Homes International, Las Pinas City

Tel. No. 8256374 / 252358 Loc. 117/146

Powered by Koha